| 000 | nam a22 7a 4500 | ||
|---|---|---|---|
| 999 |
_c342587 _d342587 |
||
| 003 | NUST | ||
| 005 | 20180109094429.0 | ||
| 008 | 180109b xxu||||| |||| 00| 0 eng d | ||
| 040 | _c0 | ||
| 082 | _a891.439 SAJ | ||
| 245 |
_aمجموعہءمقالات "بین الاقوامی فکراقبال سمینار" ;Majmoa-e-Makalat International Seminar on Iqbal Studies _cRiaz Hussain Sajid |
||
| 260 |
_aLahore _bkhana Fahring Jamoriya Islami Iran _c1996. |
||
| 300 | _a325p. | ||
| 500 | _aH.B | ||
| 942 |
_2ddc _cBK _kIESE |
||